000
00214 a2200097 4500
001
6107
100
_a
Aleichem, S
245
_a
Some laughter some tears.
260
_a
_b
Madina Katab Khana
_c
090
_c
5003
_d
5003
942
_a
NUST-CAE
_c
M
_c
31383
999
_c
241180
_d
241180